Statistics for Guess the traditional clothing (Europe)

Click here to take the quiz!

General Stats

  • This quiz has been taken 19 times
  • The average score is 13 of 16

Answer Stats

Answer% Correct
Italy
100%
United Kingdom, Scotland
100%
Poland
95%
Spain
89%
Ukraine
89%
France
84%
Norway
84%
Serbia
84%
Albania
79%
Bulgaria
79%
Russia
79%
Germany
74%
The Netherlands, Netherlands
74%
Estonia
68%
Iceland
68%
Malta
68%

Score Distribution

Percentile by Number Answered

Percent of People with Each Score

Your Score History

You have not taken this quiz